000 00487nam a2200181Ia 4500
003 GCL
008 140319s9999 xx 000 0 eng d
040 _aGCL /
_cGCL
082 0 4 _a621.319
_bB I
100 1 _aBOYLESTAD, ROBERT L.
245 1 0 _aINTRODUCTORY CIRCUIT ANALYSIS /
_cBOYLESTAD, ROBERT L.
260 _a[S.N] :
_bMERRILL ،
_c1994
300 _a1114 P
650 0 4 _aDATA PROCESSING
650 0 4 _aELECTRIC CIRCUIT ANALYSIS
650 0 4 _aELECTRIC CIRCUIT
942 _2ddc
_cBK
999 _c20212
_d20212